| 000 | 00826cam a2200265 a 4500 | ||
|---|---|---|---|
| 001 | 12082631 | ||
| 005 | 20141223152702.0 | ||
| 008 | 000627t2001 xxua frb 001 0 eng d | ||
| 010 | _a00058013 | ||
| 020 | _a0130895687 | ||
| 020 | _a9780130895684 | ||
| 040 |
_aDLC _cDLC _dDLC _dEG-ScBUE |
||
| 082 | 0 | 0 |
_a629.892 _222 _bMAR |
| 100 | 1 |
_aMartin, Fred G. _937039 |
|
| 245 | 1 | 0 |
_aRobotic explorations : _ba hands-on introduction to engineering / _cFred G. Martin. |
| 260 |
_aUpper Saddle River, United States : _bPrentice Hall, _cc.2001. |
||
| 300 |
_ax, 462 p. : _bill. ; _c27 cm. |
||
| 500 | _aIndex : p. 451-462. | ||
| 504 | _abibliography : p. 449. | ||
| 650 | 0 |
_aRobotics _919015 |
|
| 650 | 0 |
_aEngineering design _93587 |
|
| 653 |
_bENGELC _cDecember2014 |
||
| 655 |
_vreading book _934232 |
||
| 942 |
_2ddc _k629.892 MAR |
||
| 999 |
_c18821 _d18793 |
||